banner koha

O papel de Rhizoctonia spp. binucleadas na indução de resistência a mela da soja (Registro n. 201814)

MARC details
000 -LÍDER
campo de controle de tamanho fixo 01987nas a2200325 4500
001 - NÚMERO DE CONTROLE
campo de controle BR0807246
003 - IDENTIFICADOR DO NÚMERO DE CONTROLE
campo de controle BR-BrBNA
005 - DATA E HORÁRIO DA ÚLTIMA TRANSAÇÃO
campo de controle 20231205113108.0
007 - CAMPO FIXO DE DESCRIÇÃO FÍSICA--INFORMAÇÃO GERAL
campo de controle de tamanho fixo ta
008 - CAMPO DE DADOS FIXOS--INFORMAÇÃO GERAL
campo de controle de tamanho fixo 230509b bl.|||p| |||| 00| 00por d
040 ## - FONTE DA CATALOGAÇÃO
Instituição da catalogação original BR-BrBNA
Idioma da catalogação por
Instituição que transcreveu o registro Biblioteca Nacional de Agricultura
041 ## - CÓDIGO DE IDIOMA
Código do idioma do texto/trilha sonora ou título diferente (Pt)
072 ## - CÓDIGO DE CATEGORIA DE ASSUNTO
Código de Categoria de Assunto H20
100 1# - ENTRADA PRINCIPAL--NOME PESSOAL
Nome pessoal Basseto, M.A.
100 1# - ENTRADA PRINCIPAL--NOME PESSOAL
Nome pessoal Valério Filho, W.V.
100 1# - ENTRADA PRINCIPAL--NOME PESSOAL
Nome pessoal Souza, E.C.
100 1# - ENTRADA PRINCIPAL--NOME PESSOAL
Nome pessoal Ceresini, P.C.
245 1# - TÍTULO
Título O papel de Rhizoctonia spp. binucleadas na indução de resistência a mela da soja
246 1# - FORMA VARIANTE DO TÍTULO
Título/título abreviado The role of binucleate Rhizoctonia spp. inducing resistance to the soybean foliar blight
520 3# - NOTA DE RESUMO, ETC
Resumo, etc. The role of non-pathogenic binucleate Rhizoctonia spp. (BNR)on the biocontrol of diseases caused by R. solani on many crops has been reported in the literature. However, in Brazil, there is no information about the potential of BNR as biocontrol agents against Rhizoctonia diseases on soybean. On this research we tested the hypothesis that BNR can induce resistance on soybean against the foliar blight caused by R. solani anastomosis group (AG)1 IA. Thus, the objective of this research was to evaluate BNR isolates isolated from peanuts, snapbeans and soybean according to their ability for inducing resistance on soybean against the foliar blight disease, under greenhouse conditions. This research evidenced the role of BNR inducing resistance on soybeans against the foliar blight. However, both the occurrence and effectiveness of the phenomenon of induced resistance are dependent on the soybean cultivation season
650 ## - ASSUNTO--TERMO TÓPICO
Cabeçalho tópico ou nome geográfico SOJA
650 ## - ASSUNTO--TERMO TÓPICO
Cabeçalho tópico ou nome geográfico RHIZOCTONIA
650 ## - ASSUNTO--TERMO TÓPICO
Cabeçalho tópico ou nome geográfico MELA
650 ## - ASSUNTO--TERMO TÓPICO
Cabeçalho tópico ou nome geográfico VARIEDADE RESISTENTE
650 ## - ASSUNTO--TERMO TÓPICO
Cabeçalho tópico ou nome geográfico CONTROLE BIOLÓGICO
773 0# - ENTRADA ANALÍTICA
Título Acta Scientiarum. Agronomy (Brazil)
ISSN - International Standard Serial Number ISSN 1679-9275
Partes relacionadas (Apr-Jun 2008), v. 30(2) p. 183-189
Número de controle do registro BR0807246
856 40 - LOCALIZAÇÃO ELETRÔNICA E ACESSO
Uniform Resource Identifier <a href="http://www.periodicos.uem.br/ojs/index.php/ActaSciAgron^fpdf^lPt">http://www.periodicos.uem.br/ojs/index.php/ActaSciAgron^fpdf^lPt</a>
909 ## -
-- 202311
-- Lúcia
-- 55
-- Lúcia Elande
942 ## - ELEMENTOS DE ENTRADA ADICIONADOS (KOHA)
Fonte da classificação ou esquema de arquivamento na estante Classificação AGRIS
Ocultar no OPAC Não
Tipo de material Koha Analítica
Exemplares
Situação do descarte Fonte da classificação ou esquema de arquivamento na estante Situação física Não pode ser emprestado Biblioteca de origem Biblioteca atual Localização na estante Enumeração do periódico / cronologia Total de empréstimos Data de último acesso Número do exemplar Tipo de material Koha Fonte de aquisição
  Classificação AGRIS   Consulta local Biblioteca Nacional de Agricultura - Binagri Biblioteca Nacional de Agricultura - Binagri   (Apr-Jun 2008), v. 30(2) p. 183-189   29/11/2023 01 Periódicos Portaria Interministerial nº 164/94

BINAGRI

Telefone: (61)3218-2567/2388/3357/2097 - binagri@agro.gov.br

Ministério da Agricultura e Pecuária , Esplanada dos Ministérios, Bloco D, Anexo B, Brasília/DF, CEP: 70.043-900